[Event "San Sebastian Mendez Memorial 2nd"]
[Site "San Sebastian del Pepino"]
[Date "2015.01.16"]
[Round "3"]
[White "Nunez Velez, Walter"]
[Black "Padin Rivera, Juan R"]
[Result "1/2-1/2"]
[WhiteElo "1934"]
[BlackElo "1803"]
[PlyCount "38"]
[EventDate "2015.01.14"]
[EventType "swiss"]
[EventRounds "9"]
[EventCountry "PUR"]
[SourceTitle "EXT 2016"]
[Source "ChessBase"]
[SourceDate "2015.10.08"]
[SourceVersion "1"]
[SourceVersionDate "2015.10.08"]
[SourceQuality "1"]

1. d4 d5 2. c4 dxc4 3. Qa4+ c6 4. Qxc4 Bf5 5. Nf3 e6 6. Nc3 Nf6 7. Bg5 Nbd7 8. g3 Be7 9. Bg2 0-0 10. 0-0 Be4 11. Nxe4 Nxe4 12. Bxe7 Qxe7 13. Qc2 Nef6 14. b4 Rac8 15. Rab1 Rfd8 16. Rfd1 Nb6 17. Ne5 Nfd7 18. Nf3 Nf6 19. Ne5 Nfd7 1/2-1/2

[Event "IECG C1.1999.0.00252"]
[Site "IECG email"]
[Date "1999.12.30"]
[Round "?"]
[White "Gomez, Carlos"]
[Black "Nunez Velez, Walter"]
[Result "1/2-1/2"]
[WhiteElo "1950"]
[BlackElo "2095"]
[PlyCount "58"]
[EventDate "1999.12.30"]
[EventType "tourn (corr)"]
[EventRounds "6"]
[SourceTitle "Corr 2008"]
[Source "ChessBase"]
[SourceDate "2008.06.24"]
[SourceVersion "1"]
[SourceVersionDate "2008.06.24"]
[SourceQuality "1"]

1. e4 c5 2. Nc3 Nc6 3. g3 g6 4. Bg2 Bg7 5. d3 d6 6. Be3 e6 7. Qd2 Qa5 8. Nge2 Nd4 9. Nf4 Ne7 10. 0-0 Bd7 11. a3 Nec6 12. b4 cxb4 13. axb4 Qxb4 14. Rfb1 Qxc3 15. Qxc3 Nf3+ 16. Bxf3 Bxc3 17. Ra3 Bf6 18. Rxb7 a5 19. c4 Ke7 20. Bb6 Rhb8 21. Rxb8 Rxb8 22. Bxa5 g5 23. Nh5 Bb2 24. Ra2 Nxa5 25. Rxa5 Bd4 26. Ra2 Rb3 27. Be2 f5 28. exf5 exf5 29. h4 h6 1/2-1/2

[Event "IECG C1.1999.0.00252"]
[Site "IECG email"]
[Date "1999.12.30"]
[Round "?"]
[White "Nunez Velez, Walter"]
[Black "Karlsson, Kurre"]
[Result "0-1"]
[WhiteElo "2095"]
[BlackElo "1807"]
[PlyCount "64"]
[EventDate "1999.12.30"]
[EventType "tourn (corr)"]
[EventRounds "6"]
[SourceTitle "Corr 2008"]
[Source "ChessBase"]
[SourceDate "2008.06.24"]
[SourceVersion "1"]
[SourceVersionDate "2008.06.24"]
[SourceQuality "1"]

1. e4 e5 2. Nf3 Nf6 3. Nc3 Nc6 4. d4 exd4 5. Nd5 Nxd5 6. exd5 Bb4+ 7. Bd2 Bxd2+ 8. Qxd2 Ne7 9. d6 cxd6 10. 0-0-0 0-0 11. Nxd4 d5 12. h4 d6 13. h5 Bd7 14. Qf4 Re8 15. Bd3 h6 16. Qxd6 Nc6 17. Nb3 Ne5 18. Qxd5 Qg5+ 19. Kb1 Bc6 20. Qd4 Nxd3 21. Rxd3 Rad8 22. Qxa7 Rxd3 23. cxd3 Bxg2 24. Rg1 Qxh5 25. Qd4 Qf3 26. Nd2 Qd5 27. Nb3 Re2 28. f4 Kh7 29. Kc1 g6 30. Kb1 Qxd4 31. Nxd4 Rf2 32. Nb5 Bf1 0-1

[Event "Puerto Rico-ch"]
[Site "Puerto Rico"]
[Date "1998.??.??"]
[Round "?"]
[White "Nunez Velez, Walter"]
[Black "Santa Torres, Luis A"]
[Result "0-1"]
[WhiteElo "2075"]
[BlackElo "2205"]
[PlyCount "26"]
[EventDate "1998.??.??"]
[EventType "tourn"]
[EventRounds "11"]
[EventCountry "PUR"]
[SourceTitle "EXT 2003"]
[Source "ChessBase"]
[SourceDate "2002.11.25"]
[SourceVersion "1"]
[SourceVersionDate "2002.11.25"]
[SourceQuality "1"]

1. e4 e6 2. d4 d5 3. Nc3 Bb4 4. Qg4 Nf6 5. Qxg7 Rg8 6. Qh6 c5 7. e5 cxd4 8. a3 Qa5 9. axb4 Qxa1 10. Nb5 Rg6 11. Nd6+ Kd7 12. Qf4 Rg4 13. Qxf6 Rf4 0-1

[Event "Puerto Rico-ch"]
[Site "Puerto Rico"]
[Date "1998.??.??"]
[Round "?"]
[White "Ortiz, Waldemar"]
[Black "Nunez Velez, Walter"]
[Result "1-0"]
[WhiteElo "2125"]
[BlackElo "2075"]
[PlyCount "33"]
[EventDate "1998.??.??"]
[EventType "tourn"]
[EventRounds "11"]
[EventCountry "PUR"]
[SourceTitle "EXT 2003"]
[Source "ChessBase"]
[SourceDate "2002.11.25"]
[SourceVersion "1"]
[SourceVersionDate "2002.11.25"]
[SourceQuality "1"]

1. c4 Nf6 2. Nc3 c5 3. g3 g6 4. Bg2 Bg7 5. Nf3 0-0 6. d4 cxd4 7. Nxd4 d6 8. 0-0 a6 9. b3 Nbd7 10. Bb2 Rb8 11. Qd2 Nc5 12. e4 Ne6 13. Nd5 Bd7 14. Nxe6 fxe6 15. Nxf6+ Bxf6 16. Bxf6 Rxf6 17. e5 1-0